Aristocats - Ev'rybody Wants To Be a Cat Lyrics - Statistics

General Stats
  • This quiz has been taken 144 times
  • The average score is 130 of 175
Answer Stats
Answer % Correct
every
99%
a
98%
A
98%
be
97%
cat
97%
to
97%
wants
97%
Everybody
95%
everybody
95%
on
87%
the
87%
Because
85%
knows
85%
where
85%
who
85%
Who
85%
cat's
83%
it's
83%
only
83%
at
80%
you
74%
You
74%
that
71%
he
70%
in
67%
is
66%
music
64%
born
63%
Cause
63%
square
63%
with
63%
back
62%
can
62%
wish
62%
how
60%
time
60%
weren't
60%
makes
59%
Makes
59%
act
58%
horn
58%
like
58%
But
57%
sing
57%
else
56%
plays
56%
swing
56%
up
56%
everything
55%
set
55%
days
53%
beat
52%
caveman
52%
feline
52%
obsolete
52%
some
51%
birds
49%
heard
49%
picking
48%
stuff
48%
tried
48%
When
43%
dig
42%
Everybody's
42%
I've
42%
swinging
38%
Still
37%
welcome
37%
has
36%
corny
35%
mat
35%
digs
33%
jazz
31%
always
30%
long-haired
26%
gig
20%
playing
20%
No matching quizzes found
Score Distribution
Percent of People with Each Score
Percentile by Number Answered
Your Score History
You have not taken this quiz